000 00692cam a22002297a 4500
003 CHAP
005 20220329134302.0
008 971013s r 00010 d
010 _a18117
011 _a19089
035 _a23174
040 _cCHAP
090 _aR-367
100 0 0 _aDeLong, Dwight M.
_931703
245 1 4 _aThe genus Ollarianus (Homoptera: Cicadellidae) in North America including Mexico
500 _aSobretiro de : Journal of the Washington of Sciences 34(12): 391-398, 1944
590 _aBATCH-UPD
_b10
_c20130110
_lUCH01
_h0014
590 _aCONVERSION
_b10
_c20130109
_lUCH01
_h1311
901 _aBK
942 _cREIMP
949 _aR-367
_bBC
_cR
_d-54031
_eTS1
_i23174
_si
999 _c18117
_d18117